000 01031cam a2200277 4500
001 ABS63386
008 000000n2001 000 0 eng u
035 _a(Sirsi) u110676
245 _aWinning fortunes of the UK's best
260 _c2001
490 _aConstruction News
_v(6699) 18 January 2001, 16-17(2)
520 _aRanks the top 40 contractors by value of the work secured. Includes similar league tables for the top 20 clients, the top 20 civil engineering contractors, the top 15 consulting engineers, the top 15 architects, the top 15 quantity surveyors, and a breakdown of contract awards by region.
590 _aABS
650 _aARCHITECTS
650 _aCIVIL ENGINEERS
650 _aCLIENTS
650 _aCONSULTING ENGINEERS
650 _aCONTRACTORS
650 _aCONSTRUCTION COMPANIES
650 _aBUILT ENVIRONMENT-BUILDING CONTRACT FORMS
650 _aLEAGUE TABLES
650 _aQUANTITY SURVEYORS
650 _aREGIONS
690 _aBUILT ENVIRONMENT-CONSTRUCTION MARKET
942 _n0
999 _c65952
_d65952